000 00661nam a2200229Ia 4500
005 20250508163334.0
008 008 250505s9999 xx 000 0 eng d
020 _a0-130164384-3
037 _aTextual
040 _aFEDL
_beng
_cFEDL
041 _aeng
_2eng
084 _a001.64, CHA
_qFEDL
100 _aChambers Jack A.
_9775162
245 0 _aComputer-assisted instruction: Its use in the classroom
260 _aEnglewood Cliffs
_b Prentice-Hall
_c1983
300 _a232p.
365 _aGBP
_b14.9
650 _aComputer Science
700 _a Sprecher Jerry W
_9775163
942 _cTEXL
_h001.64, CHA
999 _c1382411
_d1382411